Syntetické štúdie prípravy analógov galbazínu

Gespeichert in:
Bibliographische Detailangaben
1. Verfasser: Minichová, Barbora (Verfasst von)
Weitere Verfasser: Szolcsányi, Peter (Betreuung Doktorarbeit)
Format: Manuskript Buch
Sprache:Slowakisch
Veröffentlicht: 2015
Schlagworte:
Online-Zugang:http://is.stuba.sk/zp/portal_zp.pl?podrobnosti=101220
Tags: Tag hinzufügen
Keine Tags, Fügen Sie das erste Tag hinzu!

MARC

LEADER 00000ntm a22000003a 4500
001 stuzp52761
003 SK-STU
005 20160719154254.9
007 ta
008 150427s2015----xo-----f-mn---000-0-slo-d
040 |a STU  |b slo 
041 0 |a slo 
100 1 |a Minichová, Barbora  |u 048140  |4 aut  |U FCHPT Ústav organickej chémie, katalýzy a petrochémie  |T FCHPT Oddelenie organickej chémie  |X 60421  |U C8140  |Y 124  |7 60421 
242 0 1 |a Synthetic Studies of Galbazine Analogues Preparation  |y eng 
245 1 0 |a Syntetické štúdie prípravy analógov galbazínu 
260 |c 2015 
650 4 |a GalbazínŸ  |2 slo 
650 4 |a senzorické vlastnosti  |2 slo 
650 4 |a biologická aktivita  |2 slo 
650 4 |a sensory properties  |2 eng 
650 4 |a biological activity  |2 eng 
650 4 |a Galbazine  |2 eng 
700 1 |a Szolcsányi, Peter  |4 ths  |X 3952  |7 A000003952 
856 4 |u http://is.stuba.sk/zp/portal_zp.pl?podrobnosti=101220 
SQL |a stuzp52761  |b DBP  |c SLO  |d Syntetické štúdie prípravy analógov galbazínu  |e 60421  |f Minichová, Barbora  |g 048140  |h 3952  |i Szolcsányi, Peter  |j 20150714  |k 752  |l 04  |m http://is.stuba.sk/zp/portal_zp.pl?podrobnosti=101220  |n B-BIOPOT  |o 5.2.25. biotechnológie